| 000 | 00825nam a2200217 a 4500 | ||
|---|---|---|---|
| 001 | 36792 | ||
| 003 | BD-RjUL | ||
| 005 | 20211209052536.0 | ||
| 008 | 140904s1968 bg a|||| |||| 00| 0 be d | ||
| 035 | _a(BD-RjUL)36894 | ||
| 040 |
_aBD-RjUL _cBD-RjUL _beng |
||
| 041 | _aben | ||
| 082 |
_a891.4409 _bSHB 1968 |
||
| 100 |
_aশরীফ, আহমদ _9112230 |
||
| 245 |
_aবিচিত চিন্তা / _cআহমদ শরীফ |
||
| 260 |
_aঢাকা : _bচৌধুরী পাবলিশিং হাউস, _c১৯৬৮. |
||
| 300 |
_a[৪],৪১৮ পৃ. : _bচিত্র ; _c২২ সেমি. |
||
| 650 |
_aবাংলা সাহিত্য _vইতিহাস ও সমালোচনা _978921 |
||
| 650 |
_aBengali Literature _vHistory and Criticism _9112198 |
||
| 942 |
_2ddc _cBK _010 |
||
| 999 |
_c36792 _d36792 |
||